| 000 -LEADER |
| fixed length control field |
03859nam a22005417a 4500 |
| 001 - CONTROL NUMBER |
| control field |
1027729014 |
| 003 - CONTROL NUMBER IDENTIFIER |
| control field |
OCoLC |
| 005 - DATE AND TIME OF LATEST TRANSACTION |
| control field |
20210419062806.0 |
| 006 - FIXED-LENGTH DATA ELEMENTS--ADDITIONAL MATERIAL CHARACTERISTICS |
| fixed length control field |
m o d |
| 007 - PHYSICAL DESCRIPTION FIXED FIELD--GENERAL INFORMATION |
| fixed length control field |
cr ||||||||||| |
| 008 - FIXED-LENGTH DATA ELEMENTS--GENERAL INFORMATION |
| fixed length control field |
180303s2019 nyu ob 001 0 eng |
| 010 ## - LIBRARY OF CONGRESS CONTROL NUMBER |
| LC control number |
2018010597 |
| 020 ## - INTERNATIONAL STANDARD BOOK NUMBER |
| International Standard Book Number |
9781259644634 |
| Qualifying information |
(ebook) |
| 020 ## - INTERNATIONAL STANDARD BOOK NUMBER |
| International Standard Book Number |
1259644634 |
| Qualifying information |
(ebook) |
| 020 ## - INTERNATIONAL STANDARD BOOK NUMBER |
| Canceled/invalid ISBN |
9781259644627 |
| Qualifying information |
(paperback) |
| 035 ## - SYSTEM CONTROL NUMBER |
| System control number |
(OCoLC)1027729014 |
| 040 ## - CATALOGING SOURCE |
| Original cataloging agency |
DLC |
| Language of cataloging |
eng |
| Transcribing agency |
DLC |
| Modifying agency |
OCLCO |
| -- |
OCLCQ |
| -- |
OCLCF |
| -- |
YYE |
| 049 ## - LOCAL HOLDINGS (OCLC) |
| Holding library |
YYEA |
| -- |
VZYM |
| 080 ## - UNIVERSAL DECIMAL CLASSIFICATION NUMBER |
| Universal Decimal Classification number |
614 |
| Item number |
S-68 |
| 099 ## - LOCAL FREE-TEXT CALL NUMBER (OCLC) |
| Classification number |
INTERNET LINK |
| 100 ## - MAIN ENTRY--PERSONAL NAME |
| 9 (RLIN) |
59 |
| Personal name |
Auguste h. Fortin |
| 245 00 - TITLE STATEMENT |
| Title |
Smith's patient centered interviewing |
| Medium |
[electronic resource] : |
| Remainder of title |
an evidence-based method / |
| Statement of responsibility, etc. |
Auguste H. Fortin, ... [et al]. |
| 246 3# - VARYING FORM OF TITLE |
| Title proper/short title |
Patient-centered interviewing. |
| 250 ## - EDITION STATEMENT |
| Edition statement |
4th ed. |
| 260 ## - PUBLICATION, DISTRIBUTION, ETC. |
| Place of publication, distribution, etc. |
New York : |
| Name of publisher, distributor, etc. |
McGraw-Hill Education, |
| Date of publication, distribution, etc. |
[2019] |
| 300 ## - PHYSICAL DESCRIPTION |
| Extent |
320 p |
| 365 ## - TRADE PRICE |
| Price amount |
52.67 usd |
| 500 ## - GENERAL NOTE |
| General note |
Revised edition of: Patient-centered interviewing : an evidence-based method / Robert C. Smith. 2nd ed. c2002. |
| 500 ## - GENERAL NOTE |
| General note |
EINSTEIN & MMC: available online via AccessMedicine. See Reference staff for assistance. |
| 504 ## - BIBLIOGRAPHY, ETC. NOTE |
| Bibliography, etc. note |
Includes bibliographical references and index. |
| 520 ## - SUMMARY, ETC. |
| Summary, etc. |
"A comprehensive, evidence-based introduction to the principles and practices of patient communication in a clinical setting Smith's Patient-Centered Interviewing, Fourth Edition presents a step-by-step methodology for mastering every aspect of the medical interview. Readers will learn how to confidently obtain from patients accurate biomedical facts, as well as critical personal, social, and emotional information, allowing them to make a precise diagnosis, develop effective treatment plans, and forge strong clinician-patient relationships. The most evidence-based guide available on the topic, Smith's Patient-Centered Interviewing, Fourth Edition applies the proven 5-step approach, which integrates patient- and clinician-centered skills to improve effectiveness without adding extra time to the interview duration. The book's user-friendly design features icons, boxed case vignettes, and use of color to highlight key points, and pedagogy includes learning an practice exercises in each chapter"-- |
| Assigning source |
Provided by publisher. |
| 520 ## - SUMMARY, ETC. |
| Summary, etc. |
"Our goal in this text is to present in a logical, step-by-step fashion the behaviors that are necessary to conduct an effective and efficient biopsychosocial interview. Interviewing is the most important and most difficult skill learners must master in their clinical careers. The book is designed for learners in medicine, advanced-practice nursing, physician assistant, and other health-related disciplines where communication and relational skills are central"-- |
| Assigning source |
Provided by publisher. |
| 588 0# - SOURCE OF DESCRIPTION NOTE |
| Source of description note |
Print version record and CIP data provided by publisher; resource not viewed. |
| 650 #2 - SUBJECT ADDED ENTRY--TOPICAL TERM |
| Topical term or geographic name entry element |
Medical History Taking |
| General subdivision |
methods. |
| 650 #2 - SUBJECT ADDED ENTRY--TOPICAL TERM |
| Topical term or geographic name entry element |
Evidence-Based Medicine. |
| 650 #2 - SUBJECT ADDED ENTRY--TOPICAL TERM |
| Topical term or geographic name entry element |
Physician-Patient Relations. |
| 653 ## - INDEX TERM--UNCONTROLLED |
| Uncontrolled term |
ჯანდაცვა |
| 653 ## - INDEX TERM--UNCONTROLLED |
| Uncontrolled term |
პაციენტის ისტორიის შეგროვება |
| 655 #7 - INDEX TERM--GENRE/FORM |
| Genre/form data or focus term |
Electronic books. |
| 700 1# - ADDED ENTRY--PERSONAL NAME |
| Personal name |
Fortin, Auguste H. |
| 700 1# - ADDED ENTRY--PERSONAL NAME |
| Personal name |
Smith, Robert C. |
| Fuller form of name |
(Robert Charles), |
| Dates associated with a name |
1937- |
| 710 2# - ADDED ENTRY--CORPORATE NAME |
| Corporate name or jurisdiction name as entry element |
McGraw-Hill Companies. |
| 710 2# - ADDED ENTRY--CORPORATE NAME |
| Corporate name or jurisdiction name as entry element |
AccessMedicine (Online service) |
| 776 08 - ADDITIONAL PHYSICAL FORM ENTRY |
| Relationship information |
Print version: |
| Main entry heading |
Fortin, Auguste H. |
| Title |
Smith's patient centered interviewing. |
| Edition |
Fourth edition. |
| Place, publisher, and date of publication |
New York : McGraw-Hill Education, [2019] |
| International Standard Book Number |
9781259644627 |
| Record control number |
(DLC) 2018007779. |
| 856 40 - ELECTRONIC LOCATION AND ACCESS |
| Materials specified |
AccessMedicine |
| Uniform Resource Identifier |
<a href="https://elibrary.einsteinmed.org/login?URL=https://accessmedicine.mhmedical.com/book.aspx?bookid=2446">https://elibrary.einsteinmed.org/login?URL=https://accessmedicine.mhmedical.com/book.aspx?bookid=2446</a> |
| Public note |
EINSTEIN: AccessMedicine ebook collection |
| 856 41 - ELECTRONIC LOCATION AND ACCESS |
| Materials specified |
AccessMedicine |
| Uniform Resource Identifier |
<a href="https://accessmedicine.mhmedical.com/book.aspx?bookid=2446">https://accessmedicine.mhmedical.com/book.aspx?bookid=2446</a> |
| Public note |
MMC: AccessMedicine ebook collection |
| 942 ## - ADDED ENTRY ELEMENTS (KOHA) |
| Source of classification or shelving scheme |
|
| Koha item type |
Books |
| Edition |
4 |